000 00676nam a2200121Ia 4500
008 171212s9999 xx 000 0 und d
020 _a9781442650114
245 _ceditor McMurran, Mary Helen;Conway, Alison
_aMind, Body, Motion, Matter
_bEighteenth-Century British and French Literary Perspectives
260 _bUniversity of Toronto Press
_c2016
650 _aEnglish literature -- 18th century -- History and criticism; French literature -- 18th century -- History and criticism; Philosophy in literature; Materialism in literature; Vitalism in literature; Aesthetics in literature
650 _aLanguage & Literature
856 _uhttp://jstor.org/stable/10.3138/j.ctt1kk660b
999 _c353019
_d353019